000 00397nam a2200109Ia 4500
008 211106s9999||||xx |||||||||||||| ||und||
040 _aUNEFA
110 _aOficina Para America Latina y El Caribe, La Agencia Para el Desarrollo Internacional de los Estados Unidos
245 0 _aGuia verde
_b para America Latina y el Caribe
260 _bUSAID
_aWashington
300 _a109 páginas
_bilustraciones
999 _a001639
_c882
_d882